banner-ar

البحوث الاكاديمية فى تعليم الرياضيات : عرض وتحليل لرسائل الماجستير والدكتورة (1950 - 1990) / (Record no. 41455)

MARC details
000 -الفاتح
حقل البيانات ثابتة الطول 00847nam a2200241Ia 4500
008 - عناصر البيانات ثابتة الطول - معلومات عامة
حقل البيانات ثابتة الطول 140319s9999 xx 000 0 ara d
040 ## - مصدر الفهرسة
وكالة الفهرسة الأصلية GCL /
وكالة النسخ GCL
082 04 - رقم تصنيف ديوى العشرى
رقم التصنيف 013
رقم المادة و ب
100 1# - المدخل الرئيسى - إسم شخصى
الإسم الشخصى وليم تاوضروس عبيد
245 10 - بيان العنوان
العنوان البحوث الاكاديمية فى تعليم الرياضيات : عرض وتحليل لرسائل الماجستير والدكتورة (1950 - 1990) /
بيان المسئوليه,etc وليم تاوضروس عبيد
700 1# - المدخل الاضافى - اسم شخصى
الإسم الشخصى رضا مسعد السعيد
300 ## - الوصف المادى
التعداد 165
490 ## - بيان السلسلة
عنوان السلسلة كتاب
رقم المجلد/ التعيين التسلسلي 0
650 04 - المدخل الاضافى بالموضوع-مصطلح موضوعى
مصطلح موضوعي مصر
650 04 - المدخل الاضافى بالموضوع-مصطلح موضوعى
مصطلح موضوعي الرياضيات
650 04 - المدخل الاضافى بالموضوع-مصطلح موضوعى
مصطلح موضوعي تعليم وتدريس
650 04 - المدخل الاضافى بالموضوع-مصطلح موضوعى
مصطلح موضوعي الجامعات والكليات
650 04 - المدخل الاضافى بالموضوع-مصطلح موضوعى
مصطلح موضوعي الرسائل الجامعية
650 04 - المدخل الاضافى بالموضوع-مصطلح موضوعى
مصطلح موضوعي ادلة الدرجات
650 04 - المدخل الاضافى بالموضوع-مصطلح موضوعى
مصطلح موضوعي ادلة الدرجات الجامعية
942 ## - عناصر المدخل الإضافي( كوها)
مصدر التصنيف او مخطط الترفيف Dewey Decimal Classification
Koha [default] item type كتاب
Holdings
حالة التراجع حالة الفقد حالة تلف ليس للاعارة المكان المؤقت الموقع الحالى تاريخ الاكتساب اجمالي اﻻعارات رقم الطلب الباركود تاريخ اخر مشاهدة تاريخ تفعيل السعر نوع وعاء كوها
        مكتبة القاهرة الكبرى مكتبة القاهرة الكبرى 03/26/2014   013\و ب 100108 03/26/2014 03/26/2014 كتاب

Powered By

EGPV